Memoirs (Record no. 174357)

MARC details
000 -LEADER
fixed length control field 00334nam a2200145Ia 4500
008 - FIXED-LENGTH DATA ELEMENTS--GENERAL INFORMATION
fixed length control field 230917s9999||||xx |||||||||||||| ||und||
040 ## - CATALOGING SOURCE
-- 58668
Original cataloging agency VIVEKANANDA LIBRARY
041 ## - Language
-- English
082 ## - DDC NUMBER
Classification number 861.6092 N358M
100 ## - MAIN ENTRY--PERSONAL NAME
Personal name Neruda, Pablo
245 #0 - TITLE STATEMENT
Title Memoirs
260 ## - PUBLICATION, DISTRIBUTION, ETC. (IMPRINT)
Place of publication, distribution, etc London
Name of publisher, distributor, etc Souvenir Press
Date of publication, distribution, etc 1977
300 ## - PHYSICAL DESCRIPTION
Pages 370 p.
942 ## - ADDED ENTRY ELEMENTS (KOHA)
Koha item type Books
Holdings
Withdrawn status Lost status Damaged status Not for loan Location (home branch) Sublocation or collection (holding branch) Date acquired Koha issues (times borrowed) Koha full call number Accession No. Koha date last seen Koha item type
        VIVEKANANDA LIBRARY VIVEKANANDA LIBRARY 30/12/2002   861.6092 N358M 32742 17/09/2023 Books
© Designed and Maintained by Vivekananda Library, MDU Rohtak